000 00828nam a2200229Ia 4500
001 15614
003 GE_BSU
008 181216s||||||||xx |||||||||||||| ||und||
040 _cGE_BSU
080 _a82-93:821.161.1-3
100 _aგოგოლი, ნ.ვ.
245 _aტარას ბულბა
245 _bმოთხრობა
245 _cთარგმნ. ივანე და ანა ახალშენიშვილებისა. რედ.ნ.ანანიაშვილი. მხატვ. ი. დივნოგორცევა
260 _aთბილისი
260 _bსაბლიტგამი
260 _c1955
300 _a40გვ. : ილ. ; 21სმ.
653 _aმოთხრობა
653 _aტარას ბულბა
942 _cBK
999 _c48714
_d48714